000
00309nam a22001337a 4500
008
171129b xxu||||| |||| 00| 0 eng d
020
_a
9780721683362
041
_a
eng
080
_a
618.2
100
_a
2
101
_a
INF
245
_a
PSYCHIATRIC NURSING CLINICAL GUIDE
_c
VARCAROLIS,E.M
942
_2
udc
_c
BK
999
_c
38605
_d
38605